| 000 | 00932cam a2200229 4500 | ||
|---|---|---|---|
| 001 | ABS66198 | ||
| 008 | 021220n2002 000 0 eng u | ||
| 035 | _a(Sirsi) u120855 | ||
| 100 | _aSheridan, P | ||
| 245 | _aConstruction act review | ||
| 260 | _c2002 | ||
| 490 |
_aConstruction Law Journal _v18(5) 2002, 396-404(9) |
||
| 520 | _aTwo topics are reviewed. Firstly, the requirements of Housing Grants, Construction and Regeneration Act 1996 s107 that a construction contract be in writing, if the relevant provisions of this act are to apply. The second topic deals with payment and withholding notices. | ||
| 590 | _aABS | ||
| 650 | _aHOUSING GRANTS, CONSTRUCTION AND REGENERATION ACT 1996 | ||
| 650 | _aWITHHOLDING NOTICES | ||
| 650 | _aPAYMENTS | ||
| 650 | _aHOUSING GRANTS, CONSTRUCTION AND REGENERATION ACT 1996 S107 | ||
| 690 | _aBUILT ENVIRONMENT-BUILDING CONTRACT FORMS | ||
| 700 | _aHelps, D | ||
| 942 | _n0 | ||
| 999 |
_c71831 _d71831 |
||